| 000 | 00483nam a22001817a 4500 | ||
|---|---|---|---|
| 003 | DO-SdBNP | ||
| 005 | 20180212132425.0 | ||
| 008 | 161201b1992 cu||||| |||| 00| 0 spa d | ||
| 020 | _a9590800033 | ||
| 040 |
_aBPMSU _bspa _cBPMSU |
||
| 100 | _aÁlvarez Ríos, María | ||
| 245 | _aAsi jugaba abuela / | ||
| 260 |
_aLa Habana, Cuba : _bGente Nueva , _c1992 |
||
| 300 |
_a23 p. : _bil. : _c24 cm |
||
| 942 |
_2ddc _cBK |
||
| 945 | _ainventariado, 2018 / dg | ||
| 956 | _adgarcia | ||
| 999 |
_c12200 _d12200 |
||